Love that dog / (Record no. 1868)

MARC details
000 -LEADER
fixed length control field 01377cam a2200349 a 4500
001 - CONTROL NUMBER
control field 1868
003 - CONTROL NUMBER IDENTIFIER
control field FISKH
005 - DATE AND TIME OF LATEST TRANSACTION
control field 20241106150828.0
008 - FIXED-LENGTH DATA ELEMENTS--GENERAL INFORMATION
fixed length control field 001211s2001 nyu c 000 1 eng
010 ## - LIBRARY OF CONGRESS CONTROL NUMBER
LC control number 00054233
020 ## - INTERNATIONAL STANDARD BOOK NUMBER
International Standard Book Number 9780064409599
020 ## - INTERNATIONAL STANDARD BOOK NUMBER
International Standard Book Number 006029289X (lib. bdg.)
040 ## - CATALOGING SOURCE
Original cataloging agency DLC
Transcribing agency DLC
Modifying agency DLC
Language of cataloging eng
042 ## - AUTHENTICATION CODE
Authentication code pcc
-- lcac
050 00 - LIBRARY OF CONGRESS CALL NUMBER
Classification number PZ7.C8615
Item number Lo 2001
082 00 - DEWEY DECIMAL CLASSIFICATION NUMBER
Classification number 808
Edition number 21
100 1# - MAIN ENTRY--PERSONAL NAME
Personal name Creech, Sharon.
245 10 - TITLE STATEMENT
Title Love that dog /
Statement of responsibility, etc. Sharon Creech.
260 ## - PUBLICATION, DISTRIBUTION, ETC.
Place of publication, distribution, etc. New York :
Name of publisher, distributor, etc. HarperCollins,
Date of publication, distribution, etc. 2001.
300 ## - PHYSICAL DESCRIPTION
Extent 86, 22, 13 pages ;
Dimensions 20 cm.
505 ## - FORMATTED CONTENTS NOTE
Formatted contents note Z'<br/>
520 ## - SUMMARY, ETC.
Summary, etc. A young student, who comes to love poetry through a personal understanding of what different famous poems mean to him, surprises himself by writing his own inspired poem.
521 8# - TARGET AUDIENCE NOTE
Target audience note 1010<br/>
Source Lexile <br/>
521 8# - TARGET AUDIENCE NOTE
Target audience note Z'<br/>
Source Raz-Plus<br/>
650 #1 - SUBJECT ADDED ENTRY--TOPICAL TERM
Topical term or geographic name entry element Poetry
Form subdivision Fiction.
650 #1 - SUBJECT ADDED ENTRY--TOPICAL TERM
Topical term or geographic name entry element Novels in verse.
856 42 - ELECTRONIC LOCATION AND ACCESS
Materials specified Publisher description
Uniform Resource Identifier <a href="http://www.loc.gov/catdir/description/hc043/00054233.html">http://www.loc.gov/catdir/description/hc043/00054233.html</a>
856 42 - ELECTRONIC LOCATION AND ACCESS
Materials specified Contributor biographical information
Uniform Resource Identifier <a href="http://www.loc.gov/catdir/enhancements/fy0910/00054233-b.html">http://www.loc.gov/catdir/enhancements/fy0910/00054233-b.html</a>
906 ## - LOCAL DATA ELEMENT F, LDF (RLIN)
a 7
b cbc
c orignew
d 1
e ocip
f 20
g y-gencatlg
942 ## - ADDED ENTRY ELEMENTS (KOHA)
Source of classification or shelving scheme Dewey Decimal Classification
Koha item type Books
Suppress in OPAC No
Holdings
Withdrawn status Lost status Source of classification or shelving scheme Damaged status Not for loan Collection Home library Current library Shelving location Date acquired Total Checkouts Full call number Barcode Date last seen Copy number Price effective from Koha item type Date last checked out
    Dewey Decimal Classification     Juvenile Fiction Footprints International School Library Network Toul Kork Campus Footprints International School Library Network Toul Kork Campus   10/06/2023   CRE 808 PZ7.C8615 FISTK00046 10/06/2023 1 10/06/2023 Books  
    Dewey Decimal Classification     Juvenile Fiction Footprints International School Library Network Toul Kork Campus Footprints International School Library Network Toul Kork Campus   10/06/2023   CRE 808 PZ7.C8615 FISSE00080 01/24/2024 2 10/06/2023 Books  
    Dewey Decimal Classification     Juvenile Fiction Footprints International School Library Network Toul Kork Campus Footprints International School Library Network Toul Kork Campus   10/06/2023   CRE 808 PZ7.C8615 FISSE00081 01/24/2024 3 10/06/2023 Books  
    Dewey Decimal Classification     Juvenile Fiction Footprints International School Library Network Toul Tom Poung Campus Footprints International School Library Network Toul Tom Poung Campus TTP Secondary Fiction Bookshelves 10/06/2023   CRE 808 PZ7.C8615 FISSE00073 11/06/2024 4 10/06/2023 Books  
    Dewey Decimal Classification     Juvenile Fiction Footprints International School Library Network Toul Tom Poung Campus Footprints International School Library Network Toul Tom Poung Campus TTP Secondary Fiction Bookshelves 10/06/2023 1 CRE 808 PZ7.C8615 FIS04650 02/06/2026 5 10/06/2023 Books 02/06/2026
    Dewey Decimal Classification     Juvenile Fiction Footprints International School Library Network Toul Tom Poung Campus Footprints International School Library Network Toul Tom Poung Campus TTP Secondary Fiction Bookshelves 10/06/2023 1 CRE 808 PZ7.C8615 FISSE00078 01/20/2026 6 10/06/2023 Books 12/01/2025
    Dewey Decimal Classification     Juvenile Fiction Footprints International School Library Network Toul Tom Poung Campus Footprints International School Library Network Toul Tom Poung Campus TTP Secondary Fiction Bookshelves 10/06/2023   CRE 808 PZ7.C8615 FIS00764 02/06/2026 7 10/06/2023 Books